000 00437nab a2200145Ia 4500
003 ES-SlBCS
005 20210601134617.0
008 140529s1995 xxu||||| |||| 00| 0 spa d
041 _aspa
100 1 _aOrbegozo, Jesús
_970279
245 0 0 _aLa realidad educativa de Venezuela
_c Jesús Orbegozo
651 4 _aVenezuela-Problemas de Educación
_9220395
773 0 _tAnthropos
_gvol. 16, nº. 30, 1995, págs. 23-34
_wRev38
942 _cAR
999 _c615232
_d615232